000 00832nam a2200253 i 4500
001 88821
003 ES-MaACL
005 20250813014533.0
007 t|
008 050112s1973 fr ||||1| fre d
020 _a2-08-070053-7
080 _a821.133.1-83"17"
100 1 _aDiderot, Denis,
_d1713-1784
_944511
245 1 0 _aEntretien entre D'Alembert et Diderot ; La rêve de D'Alembert ; suite de L'entretien /
_cDenis Diderot ; édition établie par Jacques Roger.
260 _aParis :
_bGarnier-Flammarion,
_c[1973]
300 _a190 p. ;
_c18 cm.
490 1 _aTexte intégral ;
_v53
700 1 _aRoger, Jacques.
_998931
740 3 _aLa rêve de D'Alembert.
740 2 _aL'Entretien.
830 0 _aTexte intégral ;
_v53
_9184081
852 _aES-MaACL
_jE-10665
_bR.135120
999 _c88821
_d88821